Issues and challenges of orphan students in higher education: (Record no. 1434844)

MARC details
000 -LEADER
fixed length control field 00866nam a22002417a 4500
003 - CONTROL NUMBER IDENTIFIER
control field OSt
005 - DATE AND TIME OF LATEST TRANSACTION
control field 20250826162036.0
008 - FIXED-LENGTH DATA ELEMENTS--GENERAL INFORMATION
fixed length control field 250822b |||||||| |||| 00| 0 eng d
037 ## - SOURCE OF ACQUISITION
Terms of availability Dissertation
040 ## - CATALOGING SOURCE
Original cataloging agency FEDL
Language of cataloging eng
Transcribing agency FEDL
041 ## - LANGUAGE CODE
Language code of text/sound track or separate title eng
Language code of original eng
082 ## - DEWEY DECIMAL CLASSIFICATION NUMBER
Classification number 378 THI/DI
100 ## - MAIN ENTRY--PERSONAL NAME
Personal name Thingujam, Bipurani
9 (RLIN) 818636
110 ## - MAIN ENTRY--CORPORATE NAME
Corporate name or jurisdiction name as entry element University of Delhi. Department of Education
9 (RLIN) 818316
245 ## - TITLE STATEMENT
Title Issues and challenges of orphan students in higher education:
Remainder of title A study on University of Delhi/
Statement of responsibility, etc. by Thingujam, Bipurani; Pinkal Chaudhari. Supervisor
260 ## - PUBLICATION, DISTRIBUTION, ETC.
Name of publisher, distributor, etc. University of Delhi
300 ## - PHYSICAL DESCRIPTION
Extent 50p.
650 ## - SUBJECT ADDED ENTRY--TOPICAL TERM
Topical term or geographic name entry element HIGHER EDUCATION
650 ## - SUBJECT ADDED ENTRY--TOPICAL TERM
Topical term or geographic name entry element ORPHAN STUDENTS – CHALLENGES/ EDUCATIONAL ISSUES
9 (RLIN) 818888
700 ## - ADDED ENTRY--PERSONAL NAME
Personal name Chaudhari, Pinkal. Supervisor
9 (RLIN) 818637
942 ## - ADDED ENTRY ELEMENTS (KOHA)
Source of classification or shelving scheme Dewey Decimal Classification
Koha item type Dissertations
Classification part 378 THI/DI
Suppress in OPAC No
Holdings
Withdrawn status Lost status Source of classification or shelving scheme Damaged status Not for loan Collection Home library Current library Date acquired Total Checkouts Full call number Barcode Date last seen Price effective from Koha item type
    Dewey Decimal Classification     Reference Department of Education Library Department of Education Library 2025-08-22   378 THI/DI EL0094398 2025-08-22 2025-08-22 Dissertations
Copyright @ Delhi University Library System